000 00226nam a2200097Ia 4500
008 240331s9999 xx 000 0 und d
082 _bARU
100 _aArumugaththamilan, K
245 0 _aThirumoolar kalaththin kyral
942 _cL
999 _c3719
_d3719